Chocolates Sold In The US - Statistics

General Stats
  • This quiz has been taken 32 times
    19 since last reset
  • The average score is 9 of 21
Answer Stats
Answer % Correct
Hersheys Cookies And Creme
94%
Hersheys Milk Chocolate
94%
Milky Way
81%
Reeses Peanut Butter Cups
81%
Snickers
75%
M&Ms
63%
Twix
63%
Butterfinger
50%
Whoppers
50%
Baby Ruth
44%
3 Musketeers
38%
Heath
38%
Rolo
38%
100 Grand
31%
Mr Goodbar
25%
Zero
25%
Milk Duds
19%
Whatchamacallit
19%
Charleston Chew
6%
Rasinets
0%
Skor
0%
No matching quizzes found
Score Distribution
Percent of People with Each Score
Percentile by Number Answered
Your Score History
You have not taken this quiz since the last reset